|
|
|
|
| LEADER |
00000cas a22000005a 4500 |
| 001 |
vtls008773887 |
| 003 |
SK-MaSNL |
| 005 |
20260228161057.0 |
| 008 |
060616c19979999xo bx|p 0 b0slo |
| 022 |
|
|
|a 1335-3845
|
| 040 |
|
|
|a SNK
|b slo
|c SNK
|e AACR2
|
| 041 |
0 |
|
|a slo
|
| 044 |
|
|
|a xo
|c SK
|
| 072 |
|
7 |
|a 316
|x Sociológia
|2 konspekt
|
| 072 |
|
7 |
|a 352/354
|x Stupne miestnej, oblastnej a ústrednej správy
|2 konspekt
|
| 072 |
|
7 |
|a 911
|x Všeobecná geografia. Systematická geografia
|2 konspekt
|
| 080 |
|
|
|a 316.728
|2 2011
|
| 080 |
|
|
|a (437.6)
|2 2011
|
| 080 |
|
|
|a 050
|2 2011
|
| 080 |
|
|
|a 352
|2 2011
|
| 080 |
|
|
|a 911.373
|2 2011
|
| 210 |
0 |
|
|a Lendak
|
| 222 |
|
0 |
|a Lendak
|
| 245 |
0 |
0 |
|a Lendak
|b dvojmesačník o živote farnosti, obce a školy
|
| 246 |
1 |
3 |
|a Lendak
|b dvojmesačník o živote obyvateľov obce
|
| 260 |
|
|
|a Lendak
|b Obecný úrad
|c 1997-
|
| 300 |
|
|
|a zv.
|c 30 cm
|
| 310 |
|
|
|a Vychádza nepravidelne
|
| 321 |
|
|
|a 6x ročne
|b 1997-2004
|
| 362 |
0 |
|
|a Roč. 1, č. 1 (1997)-
|
| 500 |
|
|
|a Šéfredaktor: (1997), Imrich Richard Rédli; (1998-č. 3/2002), Mária Budzáková; (č. 4/2002-2005), Angelus Štegan Kuruc; (2006-2016), Ján Neupauer; (2017-2021), Anna Fudalyová; (2022-), Ján Neupauer
|
| 500 |
|
|
|a Registračné č.: OÚ Kežmarok, odbor školstva a kultúry 2/97
|
| 500 |
|
|
|a Evidenčné č.: EV 685/08
|
| 500 |
|
|
|a Od r. 2005 zmena podnázvu: občasník o živote obyvateľov obce
|
| 650 |
0 |
7 |
|a verejný život
|2 SNKPH
|9 265932
|
| 650 |
0 |
7 |
|a spoločenský život
|2 SNKPH
|9 28654
|
| 650 |
0 |
7 |
|a kultúrny život
|2 SNKPH
|9 3182
|
| 650 |
0 |
7 |
|a náboženský život
|2 SNKPH
|9 1995
|
| 651 |
|
7 |
|a Lendak (Slovensko)
|2 SNKPH
|9 54521
|
| 655 |
|
7 |
|a miestne periodiká
|2 SNKPH
|9 160938
|
| 700 |
1 |
|
|a Rédli, Imrich Richard
|4 pbd
|9 267930
|
| 700 |
1 |
|
|a Budzáková, Mária
|4 pbd
|9 267931
|
| 700 |
1 |
|
|a Kuruc, Štefan Angelus
|4 pbd
|9 267932
|
| 700 |
1 |
|
|a Neupauer, Ján
|4 pbd
|9 267933
|
| 700 |
1 |
|
|a Fudalyová, Anna
|4 pbd
|9 267934
|
| 710 |
|
|
|a Lendak (Slovensko)
|b Obecný úrad
|4 pbl
|9 184983
|
| 856 |
4 |
1 |
|u http://lendak.vucpo.sk/Kultúra/ČasopisLendak/tabid/2256/Default.aspx
|
| 910 |
|
|
|a snk
|
| 999 |
|
|
|c 4237
|d 6167
|
| 952 |
|
|
|0 0
|1 0
|4 0
|7 0
|8 0
|a SNK
|b SNK
|d 2025-09-24
|i snk2025/14993
|l 0
|o snkČSB 6725/25/2021
|p 17A1557914
|r 2026-02-21 19:57:49
|t č. 1
|w 2026-02-21
|y PREZ
|
| 952 |
|
|
|0 0
|1 0
|4 0
|7 0
|8 0
|a SNK
|b SNK
|d 2025-09-24
|i snk2025/14996
|l 0
|o snkČSB 6725/26/2022
|p 17A1557915
|r 2026-02-21 19:57:50
|t č. 1-2
|w 2026-02-21
|y PREZ
|
| 952 |
|
|
|0 0
|1 0
|4 0
|7 0
|8 0
|a SNK
|b SNK
|d 2025-09-24
|i snk2025/15000
|l 0
|o snkČSB 6725/27/2023
|p 17A1557916
|r 2026-02-21 19:57:50
|t č. 1-3
|w 2026-02-21
|y PREZ
|
| 952 |
|
|
|0 0
|1 0
|4 0
|7 0
|8 0
|a SNK
|b SNK
|d 2025-09-24
|i snk2025/15012
|l 0
|o snkČSB 6725/28/2024
|p 17A1557917
|r 2026-02-21 19:57:50
|t č. 1-2
|w 2026-02-21
|y PREZ
|
| 952 |
|
|
|0 0
|1 0
|4 0
|7 0
|8 0
|a SNK
|b SNK
|d 2022-11-16
|i snk2022/17149
|l 0
|o snkČSB 6725/23/2019
|p 17A1464830
|r 2026-02-21 20:17:55
|t č. 1-2
|w 2026-02-21
|y PREZ
|z Č. 2/2019 má uvedený chybný ročník
|
| 952 |
|
|
|0 0
|1 0
|4 0
|7 0
|8 0
|a SNK
|b SNK
|d 2022-11-16
|i snk2022/17152
|l 0
|o snkČSB 6725/24/2020
|p 17A1464831
|r 2026-02-21 20:17:55
|t č. 1-2
|w 2026-02-21
|y PREZ
|
| 952 |
|
|
|0 0
|1 0
|4 0
|7 0
|8 0
|a SNK
|b SNK
|d 2018-07-17
|i snk2018/15168
|l 0
|o snkČSB 6725/6/2002
|p 17A1327398
|r 2026-02-21 21:40:34
|t č. 1-6
|w 2026-02-21
|y PREZ
|
| 952 |
|
|
|0 0
|1 0
|4 0
|7 0
|8 0
|a SNK
|b SNK
|d 2018-07-17
|i snk2018/15170
|l 0
|o snkČSB 6725/7/2003
|p 17A1327399
|r 2026-02-21 21:40:34
|t č. 1-6
|w 2026-02-21
|y PREZ
|
| 952 |
|
|
|0 0
|1 0
|4 0
|7 0
|8 0
|a SNK
|b SNK
|d 2018-07-17
|i snk2018/15185
|l 0
|o snkČSB 6725/18/2014
|p 17A1327410
|r 2026-02-21 21:41:09
|t č. 1-4
|w 2026-02-21
|y PREZ
|
| 952 |
|
|
|0 0
|1 0
|4 0
|7 0
|8 0
|a SNK
|b SNK
|d 2018-07-17
|i snk2018/15184
|l 0
|o snkČSB 6725/17/2013
|p 17A1327409
|r 2026-02-21 21:41:09
|t č. 1-4
|w 2026-02-21
|y PREZ
|
| 952 |
|
|
|0 0
|1 0
|4 0
|7 1
|8 0
|a SNK
|b SNK
|d 2019-11-29
|i snk2019/30836
|l 0
|o snkČSB 6725/22/2018
|p 17A1385345
|r 2026-02-21 22:15:22
|t č. 1-3
|w 2026-02-21
|y NEVYP
|
| 952 |
|
|
|0 0
|1 0
|4 0
|7 0
|8 0
|a SNK
|b SNK
|d 2018-07-17
|i snk2018/15171
|l 0
|o snkČSB 6725/8/2004
|p 17A1327400
|r 2026-02-21 22:19:28
|t č. 1-6
|w 2026-02-21
|y PREZ
|
| 952 |
|
|
|0 0
|1 0
|4 0
|7 0
|8 0
|a SNK
|b SNK
|d 2018-07-17
|i snk2018/15172
|l 0
|o snkČSB 6725/9/2005
|p 17A1327401
|r 2026-02-21 22:19:33
|t č. 1-5
|w 2026-02-21
|y PREZ
|
| 952 |
|
|
|0 0
|1 0
|4 0
|7 0
|8 0
|a SNK
|b SNK
|d 2018-07-17
|i snk2018/15174
|l 0
|o snkČSB 6725/10/2006
|p 17A1327402
|r 2026-02-21 22:19:33
|t č. 1-5
|w 2026-02-21
|y PREZ
|
| 952 |
|
|
|0 0
|1 0
|4 0
|7 0
|8 0
|a SNK
|b SNK
|d 2018-07-17
|i snk2018/15175
|l 0
|o snkČSB 6725/11/2007
|p 17A1327403
|r 2026-02-21 22:19:33
|t č. 1-2
|w 2026-02-21
|y PREZ
|
| 952 |
|
|
|0 0
|1 0
|4 0
|7 0
|8 0
|a SNK
|b SNK
|d 2018-07-17
|i snk2018/15176
|l 0
|o snkČSB 6725/12/2008
|p 17A1327404
|r 2026-02-21 22:19:33
|t č. 1-4
|w 2026-02-21
|y PREZ
|
| 952 |
|
|
|0 0
|1 0
|4 0
|7 0
|8 0
|a SNK
|b SNK
|d 2018-07-17
|i snk2018/15177
|l 0
|o snkČSB 6725/13/2009
|p 17A1327405
|r 2026-02-21 22:19:33
|t č. 1-4
|w 2026-02-21
|y PREZ
|
| 952 |
|
|
|0 0
|1 0
|4 0
|7 0
|8 0
|a SNK
|b SNK
|d 2018-07-17
|i snk2018/15178
|l 0
|o snkČSB 6725/14/2010
|p 17A1327406
|r 2026-02-21 22:19:33
|t č. 1-3
|w 2026-02-21
|y PREZ
|
| 952 |
|
|
|0 0
|1 0
|4 0
|7 0
|8 0
|a SNK
|b SNK
|d 2018-07-17
|i snk2018/15181
|l 0
|o snkČSB 6725/15/2011
|p 17A1327407
|r 2026-02-21 22:19:33
|t č. 1-3
|w 2026-02-21
|y PREZ
|
| 952 |
|
|
|0 0
|1 0
|4 0
|7 0
|8 0
|a SNK
|b SNK
|d 2018-07-17
|i snk2018/15182
|l 0
|o snkČSB 6725/16/2012
|p 17A1327408
|r 2026-02-21 22:19:34
|t č. 1-4
|w 2026-02-21
|y PREZ
|
| 952 |
|
|
|0 0
|1 0
|4 0
|7 0
|8 0
|a SNK
|b SNK
|d 2018-07-17
|i snk2018/15186
|l 0
|o snkČSB 6725/19/2015
|p 17A1327411
|r 2026-02-21 22:19:37
|t č. 1-4
|w 2026-02-21
|y PREZ
|
| 952 |
|
|
|0 0
|1 0
|4 0
|7 0
|8 0
|a SNK
|b SNK
|d 2018-07-17
|i snk2018/15188
|l 0
|o snkČSB 6725/20/2016
|p 17A1327412
|r 2026-02-21 22:19:37
|t č. 1-2
|w 2026-02-21
|y PREZ
|
| 952 |
|
|
|0 0
|1 0
|4 0
|7 0
|8 0
|a SNK
|b SNK
|d 2018-07-17
|i snk2018/15189
|l 0
|o snkČSB 6725/21/2017
|p 17A1327413
|r 2026-02-21 22:19:37
|t č. 1-3
|w 2026-02-21
|y PREZ
|
| 952 |
|
|
|0 0
|1 0
|4 0
|7 0
|8 0
|a SNK
|b SNK
|d 2018-07-16
|i snk2018/15057
|l 0
|o snkČSB 6725/1/1997
|p 17A1327393
|r 2026-02-21 22:19:41
|t č. 1-4
|w 2026-02-21
|y PREZ
|z Mim. č. Veľká noc 1997 je č. 3/1997
|
| 952 |
|
|
|0 0
|1 0
|4 0
|7 0
|8 0
|a SNK
|b SNK
|d 2018-07-16
|i snk2018/15063
|l 0
|o snkČSB 6725/2/1998
|p 17A1327394
|r 2026-02-21 22:19:41
|t č. 1-6
|w 2026-02-21
|y PREZ
|
| 952 |
|
|
|0 0
|1 0
|4 0
|7 0
|8 0
|a SNK
|b SNK
|d 2018-07-16
|i snk2018/15065
|l 0
|o snkČSB 6725/3/1999
|p 17A1327395
|r 2026-02-21 22:19:41
|t č. 1-6
|w 2026-02-21
|y PREZ
|
| 952 |
|
|
|0 0
|1 0
|4 0
|7 0
|8 0
|a SNK
|b SNK
|d 2018-07-16
|i snk2018/15067
|l 0
|o snkČSB 6725/4/2000
|p 17A1327396
|r 2026-02-21 22:19:41
|t č. 1-6
|w 2026-02-21
|y PREZ
|
| 952 |
|
|
|0 0
|1 0
|4 0
|7 0
|8 0
|a SNK
|b SNK
|d 2018-07-16
|i snk2018/15116
|l 0
|o snkČSB 6725/5/2001
|p 17A1327397
|r 2026-02-21 22:19:41
|t č. 1-6
|w 2026-02-21
|y PREZ
|